Online Catalogue and eLibrary

Ambani oru vetri kadhai (Record no. 4752)

MARC details
000 -LEADER
fixed length control field 00426nam a2200169Ia 4500
005 - DATE AND TIME OF LATEST TRANSACTION
control field 20250311023053.0
008 - FIXED-LENGTH DATA ELEMENTS--GENERAL INFORMATION
fixed length control field 240331s9999 xx 000 0 und d
020 ## - INTERNATIONAL STANDARD BOOK NUMBER
ISBN 8183680461
082 ## - DDC Classification
Item Number - Author Mark CHO
Class No. 891
100 ## - MAIN ENTRY--PERSONAL NAME
Personal name Chokkan,N
245 #0 - TITLE STATEMENT
Title Ambani oru vetri kadhai
250 ## - EDITION STATEMENT
Edition statement 2nd
260 ## - PUBLICATION, DISTRIBUTION, ETC.
Place of publication, distribution, etc. Chennai
Name of publisher, distributor, etc. Kizhakku pathippagam
Date of publication, distribution, etc. 2005
300 ## - PHYSICAL DESCRIPTION
Extent (e.g. Volumes, Pages etc.) 165 p .,
500 ## - GENERAL NOTE
General note A biographical sketch of Dhirubai Ambani.
942 ## - Koha item type (Biblio)
Koha item type Books in Stacks (Lending)
Holdings
Lost status Damaged status Collection code Home library Current library Shelving location Date acquired Full call number Accession Number Item type
    Lending WERC Library WERC Library Social Science Cupboard 03/31/2024 891.811 CHO 6106 Books in Stacks (Lending)

© WERC Library